[Event "American Continental 2nd"]
[Site "Buenos Aires"]
[Date "2003.08.27"]
[Round "9"]
[White "Felgaer, Ruben Alejandro"]
[Black "Shabalov, Alexander"]
[Result "1/2-1/2"]
[WhiteElo "2551"]
[BlackElo "2575"]
[Annotator "Erenburg,S"]
[PlyCount "93"]
[EventDate "2003.08.17"]
[EventType "swiss"]
[EventRounds "11"]
[EventCountry "ARG"]
[SourceTitle "CBM 097"]
[Source "ChessBase"]
[SourceDate "2003.11.11"]
[SourceVersion "1"]
[SourceVersionDate "2003.11.11"]
[SourceQuality "1"]

1. e4 c5 2. Nf3 Nc6 3. Bb5 e6 4. O-O {White chooses the plan with providing
d2-d4. He can realize it either with Re1 and d2-d4 or with Re1, preliminary
c2-c3 and after it d2-d4.} ({Another popular coninuation is} 4. Bxc6 bxc6) 4...
Nge7 5. Re1 a6 6. Bf1 (6. Bxc6 Nxc6 7. d4 {is another theoretical line.}) 6...
Ng6 7. d4 $5 ({The logical alternative to the move in the game is} 7. c3 Be7 (
7... d5 8. exd5 Qxd5 9. d4 Bd6 (9... Qd8 $2 10. d5 $16 {1-0 McShane,
L-O'Donovan,R/Kilkenny 2000/CBM 79 ext (50)}) 10. c4 Qh5 11. dxc5 Bxc5 12. h3
Nh4 13. Nxh4 Qxh4 14. Be3 Bxe3 15. Rxe3 O-O 16. Nc3 Qe7 17. Bd3 {1/2-1/2 Anand,
V-Vaisser,A/Frunze 1987/TD (17)}) 8. d4 cxd4 (8... d6 9. d5 exd5 10. exd5 Nce5
11. Nxe5 dxe5 12. a4 O-O 13. Na3 b6 14. Nc4 $14 {1-0 Ulibin,M-Remon,A/Santa
Clara 1991/CBM 26 (35)}) 9. cxd4 d5 {0-1 Pelikian,J-Matsuura,E/Sao Paulo 2001/
CBM 82 ext/[Melao,H] (40)}) 7... cxd4 8. Nxd4 Qc7 {Black has tried also} (8...
Be7 9. Be3 O-O 10. c4 d6 11. Nc3 Bd7 12. Nb3 Na5 13. Nxa5 Qxa5 14. a3 Qc7 15.
Rc1 b6 16. b4 Rab8 17. f4 $14 {1-0 Morozevich,A-Arakhamia Grant,K/London 1994/
EXT 2000 (27)}) (8... Bc5 9. Nb3 Ba7 10. c4 O-O 11. Nc3 Qc7 12. Be3 Bxe3 13.
Rxe3 b6 14. Rc1 Bb7 15. g3 (15. c5 $5) 15... Nce7 16. f4 f5 17. Bg2 Rad8 18.
Rd3 fxe4 19. Bxe4 Bxe4 20. Nxe4 e5 $15 {1/2-1/2 Mithrakanth,P-Bhattacharyya,P/
Calcutta 1994/EXT 97 (33)}) (8... Qb6 9. Nb3 d6 10. a4 Bd7 11. Be3 Qc7 12. N1d2
Be7 13. Nc4 $14 {1/2-1/2 Lutikov,A-Paoli,E/Odessa 1976/EXT 98 (29)}) 9. c4 Bb4
$5 $146 (9... Be7 10. Be3 O-O 11. Nc3 Nxd4 12. Qxd4 Bf6 13. Qd2 Ne5 14. Rac1
Ng4 15. Bf4 Be5 16. Bxe5 Qxe5 17. g3 $14 {1-0 Szabo,A-Konnyu,J/Savaria 2002/
CBM 89 ext (55)}) (9... Bd6 10. g3 Nxd4 11. Qxd4 Be5 12. Qd3 Qb6 13. Nc3 Bd4
14. Be3 Bxe3 15. Qxe3 $16 Qxb2 $2 (15... Qxe3 16. Rxe3 $16) 16. Nd5 $2 (16. a3
$18) 16... O-O 17. Nc7 Rb8 18. f4 $2 (18. Qa7 $18) 18... d6 $13 {0-1 Fenina,
T-Pecherkin,A/Novokuznetsk 1998/EXT 2001 (35)}) 10. Nc3 O-O 11. Nc2 Be7 ({
I wouldn't recommend the capture on c3, as white will take control over all
the dark squares.} 11... Bxc3 12. bxc3 d6 13. Ba3 (13. Be3 $5 {[%cal Ya1b1]})
13... Rd8 14. Re2 {[%cal Ge2d2]}) 12. Be3 b6 13. Rc1 Rb8 {In this type of
positions, white's aim is to prevent black's counterplay, which can be
connected only with the breakthrough d7(6)-d5. So, white continued with logical
} 14. g3 {[%cal Yf1g2]} Bb7 15. Qe2 Ba8 16. Red1 Bf6 17. Nd4 $14 {White has a
space advantage, he succeded to prevent black's counterplay, so I would
evaluate this position as slightly better for white. Now white starts with the
manouevres, which are going to improve his pieces' positions.} Rfc8 18. Nb3
Nce5 {preventing from white tactical resourse Nd5.} ({After} 18... d6 {it is
possible to play} 19. Nd5 exd5 20. cxd5) 19. Nd2 d6 20. f4 Nd7 21. Bg2 Ne7 22.
Ndb1 {White's plan has to be the increasing of space advantage by pushing the
queenside pawns forward.} Nc6 23. Qd2 Na5 24. b3 Be7 25. Qf2 Qd8 26. Qe2 Qe8
27. Nd2 $1 {[%cal Yb3b4] Now white is ready for moving of his queenside pawns.}
Nf6 28. b4 Nc6 29. a3 Bf8 30. h3 {taking control over the g4 square, thus,
liberating the queen from this function.} a5 $6 {Now black pieces will be
pushed to more passive position, than current ones. I think, that the least of
the evils was the waiting strategy:} (30... Nd7 $14 {saving the a5 square for
the c6 knight.}) 31. b5 Nd8 32. Na4 $1 $16 {Now it is clear, that white's
domination is near to absolute. White is going to put pressure on the black
weakness on b6, at the same time, he is going to improve the positions of some
of his pieces.} Nd7 33. Nb3 $6 {Black suffers from a lack of space, his pieces
are too passive. Step by step white improves the position of his pieces, so
black decides to change the character of struggle with the breakthrough d6-d5.}
({Probably stronger was profilactic move, in order to be more ready against
black's counterplay.} 33. Kh2) 33... d5 $1 {Suddenly black gets counterplay.}
34. cxd5 Rxc1 35. Bxc1 {[%cal Yc1a3]} exd5 36. e5 ({Deserved attention:} 36.
Qd3 Nc5 37. Nbxc5 bxc5 38. exd5 Rxb5 (38... Qxb5 39. Qxb5 Rxb5 40. Re1 $16) 39.
Qc2 $14) 36... Nc5 (36... Ne6 37. Bxd5 (37. f5 Nec5 $11) 37... Bxd5 38. Rxd5
Nc7 39. Rd2 $1 Qe6 40. Qd3 $14) 37. Naxc5 bxc5 38. a4 ({White gets nothing
after} 38. Bxd5 Bxd5 (38... a4 39. Bxa8 Rxa8 (39... axb3 40. Bg2 $18 {[%cal
Ya3a4]}) 40. Nd2 $16 {[%cal Yd2e4]}) (38... Rxb5 39. Bxa8 Rxb3 40. Be4 $16) 39.
Rxd5 Qe6 40. Qg2 a4 41. Nxc5 (41. Nd2 Qb6 $11) 41... Qb6 42. Qf2 Qxb5 $44) ({
as well as after} 38. Nxa5 Qxb5 (38... Rxb5 $5 $11) 39. Qxb5 Rxb5 40. Nc4 Rb1
41. Ne3 c4 $13) 38... Qe6 $2 {allows white to get the advantage. Black had
better option:} (38... c4 39. Nd4 (39. Nxa5 $2 Bb4 $15) (39. Na1 $5 $14) 39...
Ne6 $14) 39. Kh2 $1 {Good profilactic move. Now black hasn't important
resourse of check from c5 and b6.} Rc8 (39... c4 40. Nxa5 $6 (40. Nd4 $5 $16)
40... Qb6 41. Qe1 Rc8 (41... Bc5 42. Bxd5 Bxd5 43. Rxd5 Bb4 44. Nxc4 $18) 42.
Be3 (42. Bxd5 Bxd5 43. Rxd5 Bb4 $11) 42... Bc5 {with some chances for black.})
40. Nxa5 $16 c4 41. Nc6 (41. Be3 $16 {strong enough as well.}) 41... Nxc6 (
41... Bxc6 42. bxc6 Qxc6 43. Qc2 $16) 42. Bxd5 Qe8 43. bxc6 Bxc6 44. Qxc4 $6 ({
Better was to save the light-squared bishops on the board:} 44. Bxc4 Bxa4 45.
Rd4 $16 {[%cal Ge5e6]}) 44... Bxd5 (44... Bb7 45. Qd4 Bxd5 46. Qxd5 {- main
line.}) (44... Bxa4 $4 45. Bxf7+ $18) 45. Qxd5 Rc2+ 46. Bd2 $6 (46. Kg1 Qxa4
$14 (46... Qc8 47. Be3 Qxh3 48. Bf2 $16 {[%csl Ga4]})) 46... Qxa4 {After black
succeeded to eliminate all the white pawns on the queenside, his chances
arised to get the draw.} 47. Rc1 $4 {In final position black wins on the spot.
Maybe he was in the time trouble, therefore accepted for a draw...} (47. Rc1 {
[%tqu "En","Please find the way to win the game for black.","","","a4a2","",10]
} Qa2 $1 48. Qxa2 Rxa2 49. Rd1 Bb4 $19) (47. Rg1 $142 $14) 1/2-1/2

[Event "GBR-ch 105th"]
[Site "Hull"]
[Date "2018.08.04"]
[Round "8"]
[White "Adams, Michael"]
[Black "Pert, Nicholas"]
[Result "1/2-1/2"]
[WhiteElo "2706"]
[BlackElo "2544"]
[Annotator "Fernandez,D"]
[PlyCount "89"]
[EventDate "2018.07.28"]
[EventType "swiss"]
[EventRounds "9"]
[EventCountry "ENG"]
[SourceTitle "CBM 186"]
[Source "ChessBase"]
[SourceDate "2018.09.14"]
[SourceVersion "1"]
[SourceVersionDate "2018.09.14"]
[SourceQuality "1"]

1. e4 c5 2. Nf3 Nc6 3. Bb5 Nf6 4. Nc3 {Perhaps a predictable opening, given
some of Adams' games from about a decade ago...} g6 {Almost entirely a modern
construction.} (4... Qc7 5. d3 a6 6. Bxc6 dxc6 7. a4 a5 8. Be3 e5 9. h3 Bd6 10.
Nd2 Be6 11. b3 Nd7 12. O-O f6 13. Nc4 Bxc4 14. bxc4 g6 15. Qg4 $14 {Adams,M-Ni,
H Liverpool 2007}) (4... Nd4 {was a big move before, but White is basically
just better after} 5. e5 Nxb5 6. Nxb5 Nd5 7. Ng5 a6 8. Qf3 f6 9. Qxd5 fxg5 10.
Nc3 $14) 5. h3 Bg7 6. e5 Ng8 7. Bxc6 dxc6 8. d3 {Not knowing an awful lot
about the Rossolimo, it wasn't clear to me what Black had gained in exchange
for spending two tempi on ...Nf6-g8. However, looking at it a bit, it seems to
me that Black is okay after the text.} Nh6 (8... h5 9. Ne4 $14) (8... b6 9. Qe2
h5 10. Bg5 $14) 9. g4 $5 {An ambitious move, but this isn't a position that
rewards half-baked play.} (9. Qe2 Nf5 $132 {or something will just be fine for
Black as in the Berlin.}) 9... O-O 10. Qe2 (10. Be3 f5 11. exf6 exf6 12. Qd2
Nf7 13. O-O-O Qa5 $11 {Harikrishna,P-Alsina Leal,D Leon 2012}) 10... Qb6 $6 {
Presumably Nick regretted this move.} (10... f5 11. g5 Nf7 12. Bf4 Qa5 $13 {
The position is extremely concrete, and bears a strange resemblance to the
McCutcheon Variation in the French. I suspect Black is okay here, but will
leave the definitive assessment to the cloud engines. One of Black's cooler
ideas is ...Nd8-e6-d4.}) (10... f6 $6 {is the more controlled version, but it
suffers from a crucial defect in that Black may not actually want to take on
e5 if given the chance.} 11. Be3 Nf7 $1 (11... fxe5 12. Nd2 $16 (12. Bxc5 Nxg4
$3 $17)) 12. Bxc5 $14) 11. Nd2 Qc7 12. Nb3 $1 (12. f4 f6 {must be okay for
Black, who is now fine to take on e5 with a pawn, even if my machine does have
a bizarre fixation with} 13. Rg1 $5 fxe5 14. f5 $40) 12... f5 {Understandable,
but this makes things worse.} (12... f6 13. Nxc5 Nf7 $14) 13. g5 Nf7 14. f4 $1
b6 15. Be3 Be6 16. Nd2 Bd5 17. Nf3 $14 {White has completed his clamp.} Nd8 18.
h4 Ne6 19. h5 Bxf3 20. Qxf3 Nd4 21. Qf2 Rfd8 22. O-O-O e6 23. Rh4 Qd7 (23... a5
$5 {was a move I wanted, looking at the demonstration board, but it is
actually plausible that Black didn't like} 24. Na4 $5 {which jams his
queenside pawns together in a slightly awkward way.}) 24. Ne2 Nxe2+ 25. Qxe2
Kf7 26. c4 {A double-edged decision, and probably the right one. White sets in
motion a plan to eventually break with b4, and open a second front.} (26. Rdh1
Qd5 27. Kb1 a5 {As in the Stonewall Dutch, Black has an awful bishop and some
disgusting structural issues, but there is nothing that badly wrong with his
position in reality, because White can't break through on the side where he is
that much stronger.}) 26... Qc7 27. Rdh1 Rg8 28. R1h3 Rad8 29. Kc2 Qc8 30. Qf3
a5 31. Rh2 Qd7 32. Rd2 Qc7 33. Qh1 Qc8 (33... a4 {immediately might improve,
getting ...b5 in a little bit faster to try and get moving.}) 34. Rh3 Qd7 35.
Qf3 Qc8 36. Rh1 Rd7 37. Kd1 Rgd8 38. Ke2 a4 39. Rb1 Ra7 40. b4 $1 {In my mind
there is little question that this move brings the position from +/= to +/-.
However, it also very suddenly sharpens matters, leaving both sides chances to
go badly wrong.} axb3 41. Rxb3 Qc7 42. Rdb2 $6 {Now Black can counter-attack a
bit.} (42. Qh1 $1 $16 {The queen belongs on b1, where it attacks b6 and a2.
Nick might still be defending this now if White had played this way.}) 42...
Rda8 (42... Bf8 $5) 43. Rxb6 (43. a4 $1 $16 {is a computer move to keep the
advantage.}) 43... Rxa2 $1 {Now Black is fully in the game, and in many lines
he is sacrificing on e5. White wasn't able to find the silicon-esque 44.Kf1!?
+/= and simply played a move that allowed the draw.} 44. R6b3 $6 Bxe5 $1 45.
fxe5 (45. fxe5 Qxe5 46. Rxa2 Rxa2+ 47. Ke1 $11 {and Black has no better than
perpetual.}) 1/2-1/2

[Event "Asia-ch 5th"]
[Site "Hyderabad"]
[Date "2005.10.08"]
[Round "3"]
[White "Dzhumaev, Marat"]
[Black "Dao, Thien Hai"]
[Result "0-1"]
[WhiteElo "2507"]
[BlackElo "2581"]
[Annotator "Finkel,A"]
[PlyCount "66"]
[EventDate "2005.10.05"]
[EventType "swiss"]
[EventRounds "9"]
[EventCountry "IND"]
[SourceTitle "CBM 110"]
[Source "ChessBase"]
[SourceDate "2006.01.31"]
[SourceVersion "1"]
[SourceVersionDate "2006.01.31"]
[SourceQuality "1"]

1. e4 c5 2. Nf3 Nc6 3. Bb5 e6 4. O-O Nge7 5. b3 a6 6. Bxc6 Nxc6 7. Bb2 b5 8.
Qe2 {This move hasn't been tried too often. Much more popular moves are} (8. a4
) (8. d4) 8... Bb7 9. Rd1 (9. c4 bxc4 10. bxc4 d6 11. d4 cxd4 12. Nxd4 Qg5 13.
Nd2 Be7 14. Rab1 Rb8 $2 15. Nxc6 Bxc6 16. Bf6 Rxb1 17. Bxg5 Rxf1+ 18. Nxf1 $16
{Kuzmin,G-Filipenko,A/Moscow 1992}) 9... Qc7 10. c4 b4 {A typical reaction for
this line. Black is not interested to open up the b-flle.} (10... bxc4 $5) 11.
d4 cxd4 12. Nxd4 Ne5 13. a3 Be7 {When I took a first look at the position I
was convinced it's got to be something for White, but then I figured out that
Black pieces are very well placed, so he has nothing to worry about.} 14. axb4
(14. Nf3 Nxf3+ 15. Qxf3 O-O 16. axb4 Bxb4 17. Qg4 f6 18. Nd2 a5 $132) 14...
Bxb4 15. Nc3 ({After} 15. Ba3 Bxa3 16. Nxa3 O-O 17. Nac2 d6 $13 {Black's
position is also fine.}) 15... O-O 16. Na4 $6 {[%csl Ra4]} Be7 17. Rac1 Rae8
18. c5 f5 $1 {[%cal Ge8e2]} 19. exf5 exf5 20. Rc3 (20. Qh5 g6 21. Qh3 f4) 20...
Ng4 21. Rh3 $4 {I don't really know what was missed by white, but after the
move in the game Black wins by force by the most natural move.} (21. Qc4+ Kh8
22. Rh3 $13) 21... Bh4 $1 $19 {[%csl Rf2]} 22. Qc4+ d5 $1 23. cxd6+ Qxc4 24.
bxc4 Nxf2 25. Rxh4 Nxd1 26. Kf1 (26. Bc3 $142 Nxc3 27. Nxc3 Re5 $1 {[%cal
Gf8d8]} 28. Nf3 Bxf3 29. gxf3 Rd8 30. Rd4 $19) 26... Ne3+ 27. Kf2 Nxc4 28. d7
Rd8 29. Bc3 Rxd7 30. Ne6 Rc8 31. Nac5 Re7 32. Rd4 Ne5 33. Bb2 Rxe6 0-1

[Event "EU-ch 6th"]
[Site "Warsaw"]
[Date "2005.06.22"]
[Round "5"]
[White "Potkin, Vladimir"]
[Black "Eljanov, Pavel"]
[Result "0-1"]
[WhiteElo "2552"]
[BlackElo "2641"]
[Annotator "Finkel,A"]
[PlyCount "56"]
[EventDate "2005.06.18"]
[EventType "swiss"]
[EventRounds "13"]
[EventCountry "POL"]
[SourceTitle "CBM 108"]
[Source "ChessBase"]
[SourceDate "2005.09.26"]
[SourceVersion "1"]
[SourceVersionDate "2005.09.26"]
[SourceQuality "1"]

1. e4 c5 2. Nf3 Nc6 3. Bb5 e6 4. Bxc6 bxc6 5. d3 Ne7 6. Qe2 Ng6 7. h4 Qc7 8. h5
({May be deserved attention} 8. g3 $5 {preventing black knight from coming to
f4.} h5 9. Nbd2 e5 10. Nc4 Be7 11. Bd2 d6 12. Ne3 Rb8 13. b3 Bf6 14. Ng5 Bd8
15. O-O-O $14 {Guadalpi,D-Degraeve,J/France 2004}) 8... Nf4 (8... Ne5 9. Nxe5
Qxe5 10. Nd2 Qc7 11. e5 f6 12. f4 Be7 13. h6 g6 14. Nf3 O-O 15. Bd2 $14 {
Vescovi,G-Crosa,M/Sao Paulo 2003}) 9. Qd2 $5 {Very interesting idea, which
seems to be pretty weird at the first-hand look: indeed white sacrifices a
pawn, gives up the right to cstle and remains with 2 knights against black's
bishops pair! However white gets a few things in return since black is left
with invalid pawn structure and passive pieces.} (9. Qf1 $5 e5 10. Bxf4 exf4
11. Qe2 Be7 12. Nc3 O-O 13. Qd2 Rb8 14. Rb1 Bf6 15. O-O (15. Ne2 Re8 16. O-O c4
17. e5 Bxe5 18. Nxe5 Rxe5 19. Qxf4 d6 20. Ng3 cxd3 21. cxd3 h6 22. b3 $13 {
Sulskis,S-Eljanov,P/Kharkov 2003}) 15... d5 16. exd5 Bxc3 17. Qxc3 cxd5 18. b4
c4 19. h6 gxh6 20. Rfe1 $36 {Glek,I-Huebner,R/Treviso 2002}) (9. Bxf4 Qxf4 10.
Nbd2 e5 11. g3 (11. Nc4 d6 12. Ne3 Be7 13. O-O-O O-O 14. Kb1 f5 $15 {
Salinnikov,D-Chernyshov,K/Voronezh 2005}) 11... Qf6 12. Nc4 d6 13. Ne3 Qd8 14.
c4 Be7 15. Nh4 g6 16. O-O-O $13 {Kuzin,A-Arzumanian,G/Tula 2004}) 9... e5 10.
Qc3 Nxg2+ 11. Kf1 Nf4 12. Bxf4 (12. Qxe5+ $6 Qxe5 13. Nxe5 Ne6 $15) 12... exf4
13. h6 Rg8 {A few rounds later Najer tried to improe white's play, but ended
up in slightly worse endgame after} 14. e5 $6 (14. Nbd2 d5 15. exd5 cxd5 16.
Re1+ Be6 17. Ng5 O-O-O 18. Rxe6 gxh6 19. Qf6 Rg6 20. Qxf7 Rxg5 $15 {Najer,
E-Eljanov,P/Warsaw 2005}) 14... Ba6 {[%csl Gc4]} 15. Nbd2 O-O-O 16. Ne4 c4 $1 {
The most important thing for black is to open up the position, so he doesn't
really mind to give up couple of pawns to achieve his goal.} 17. dxc4 f5 $1 18.
Nd6+ $6 (18. exf6 d5 19. hxg7 dxe4 (19... Bxg7 20. Ned2 (20. Rxh7 $2 dxe4 21.
Ne5 f3 $1 22. fxg7 Rxg7 23. Rh1 Rg5 $19) 20... Bf8 (20... d4 $2 21. Qa3 $18 {
[%csl Ra6,Rg7]}) 21. Ne5 dxc4 22. Ndf3 $13) 20. gxf8=Q Rdxf8 21. Nd2 (21. Ne5
$5) 21... e3 22. Ne4 Qd7 {[%cal Gd7g4]} 23. f3 {[%csl Gg4]} Rd8 $36 {[%csl Rf1]
}) 18... Bxd6 19. exd6 Qxd6 $17 {White king feels very uncomfortable on f1, so
black's advantage is unquestionable at this point.} 20. hxg7 (20. b3 g5 21. Qe5
Qd5 $1 (21... Qxe5 22. Nxe5 d6 $6 23. Nxc6 $13) 22. Kg2 {[%csl Rg2]} Qxe5 23.
Nxe5 d6 24. Nd3 c5 $17) 20... Rxg7 $1 21. Qxg7 $6 (21. b3 Rdg8 22. Qe5 Qxe5 23.
Nxe5 d6 24. Nd3 f3 25. Re1 $15) 21... Bxc4+ 22. Kg1 (22. Ke1 Re8+ $19) 22...
Rg8 23. Qxg8+ Bxg8 $19 24. Rh3 Bd5 25. Rd1 Qg6+ 26. Kh2 Bxf3 27. Rg1 (27. Rxf3
Qh5+ 28. Kg2 Qg4+ $19) 27... Bg4 28. f3 Bxh3 $1 0-1

[Event "GER CupT final"]
[Site "Baden-Baden"]
[Date "2002.03.10"]
[Round "2.3"]
[White "Nunn, John DM"]
[Black "Krasenkow, Michal"]
[Result "1-0"]
[WhiteElo "2595"]
[BlackElo "2632"]
[Annotator "Finkel,A"]
[PlyCount "83"]
[EventDate "2002.03.08"]
[EventType "team"]
[EventRounds "2"]
[EventCountry "GER"]
[SourceTitle "CBM 088"]
[Source "ChessBase"]
[SourceDate "2002.03.21"]
[SourceVersion "1"]
[SourceVersionDate "2002.03.21"]
[SourceQuality "1"]
[WhiteTeam "Luebeck"]
[BlackTeam "Baden Oos"]
[WhiteTeamCountry "GER"]
[BlackTeamCountry "GER"]

1. e4 c5 2. Nf3 Nc6 3. Bb5 e6 4. O-O Nge7 5. c3 a6 6. Ba4 b5 7. Bc2 Bb7 8. Qe2
d5 (8... Ng6 9. d4 cxd4 10. cxd4 Nh4 11. Nbd2 Rc8 12. d5 Ne5 $5 (12... Na5 13.
Bd3 Ng6 14. g3 Be7 15. dxe6 dxe6 16. a4 $1 bxa4 17. Bxa6 $16 {[%csl Ra4,Ra5,
Rg6] Tkachiev,V-Ansell,S/London Lloyds 1994}) 13. Nd4 g5 $5 {[%csl Ge5][%cal
Gh4g6]} 14. a4 b4 15. N2b3 g4 (15... Nhg6 $5) 16. Rd1 $14 {Tkachiev,V-San
Segundo,P/ch-ESP Team, Ampuriabrava ESP 1997}) 9. a4 $5 (9. e5 Qb6 (9... d4 10.
Be4 Ng6 (10... Nd5 11. cxd4 cxd4 12. d3 Be7 13. Nbd2 Nf4 14. Qd1 Ng6 15. Nb3
Qb6 16. Re1 $14 {Moreno,J-Magem Badals,J/Cala Galdana 1999/EXT 2000}) 11. d3
Be7 12. cxd4 cxd4 13. Nbd2 Qb6 (13... O-O 14. Nb3 Qb6 15. h4 Rfd8 ({Loosing a
pawn} 15... a5 16. h5 a4 17. Bxc6 Bxc6 18. Nbxd4 Nh8 19. Nxc6 Qxc6 20. Bg5 Bxg5
21. Nxg5 h6 22. Ne4 $16 {Tkachiev,V-Cherniaev,A/Biel 1994/1-0 (68)}) 16. h5 Nf8
$8 17. h6 g6 18. Bg5 $14 {[%csl Rc5,Rd6,Rf6] Pavasovic,D-Oral,T/Baden 1999/CBM
71}) 14. Nb3 Rc8 (14... O-O 15. h4 a5 16. h5 a4 17. Bxc6 Bxc6 18. Nbxd4 Nh8 19.
Nxc6 Qxc6 20. Bg5 $16 {Tkachiev,V-Cherniaev,A/Biel 1994/TD}) 15. Bd2 O-O 16. h4
Rfd8 17. h5 Nf8 18. Rac1 b4 19. h6 $14 {Burnett,R-Van der Weide,K/Groningen
1999/CBM 73}) 10. Rd1 d4 11. Be4 Ng6 12. d3 Be7 13. cxd4 cxd4 14. Nbd2 (14. Na3
Bd8 15. Nc2 Bc7 16. Ncxd4 $1 Ncxe5 17. Nxe5 Nxe5 18. Nxe6 Qxe6 19. Bxb7 Rb8 $44
{Totsky,L-Belikov,V/RUS 1995/CBM 48}) 14... O-O 15. Nb3 Rfd8 16. h4 $14 {
Tkachiev,V-Pinski,J/Geneve 1997/EXT 98}) (9. d4 cxd4 10. exd5 Nxd5 11. cxd4 Be7
12. Nc3 Ncb4 13. Bb1 Rc8 $13 {Richter,W-Kosten,A/Germany 1998/EXT 99}) 9... b4
(9... dxe4 $5 10. Bxe4 b4 11. d4 cxd4 12. cxd4 Nd5 $13) 10. d4 $5 {Now all the
pawns in the center could be exchanged at some stage!} bxc3 $6 {Dubious
decision.} (10... cxd4 $5 11. cxd4 dxe4 12. Bxe4 Nd5 $13) 11. dxc5 cxb2 12.
Bxb2 d4 $5 {White bishop on g2 is very strong, so I can understand black
attempting to close diagonal a1-h8.} (12... dxe4 13. Bxe4 Ng6 14. Qe3 $14 {
[%csl Rg7][%cal Gb2h8]}) 13. e5 $5 Nd5 14. Nbd2 Bxc5 15. Ne4 Be7 16. Rfd1 Ncb4
$5 (16... Qc7 17. Nxd4 Nxe5 18. Nb5 $1 axb5 19. Bxe5 Qxe5 20. Qxb5+ Kf8 21.
Qxb7 $14) 17. Rxd4 Nxc2 18. Qxc2 Rc8 {Unfortunately for black the castle is
taboo:} (18... O-O $2 19. Nf6+ $1 gxf6 (19... Nxf6 $2 20. Rxd8 $18) (19... Bxf6
20. exf6 g6 21. Qd2 $16 {[%cal Gd4h4,Gd2h6]}) 20. exf6 Bxf6 21. Rg4+ Kh8 22.
Ng5 $18) 19. Qd3 Qb6 20. Ba3 $1 {[%csl Gd6][%cal Ge4d6]} Nf4 21. Nd6+ $5 Bxd6
22. Rxd6 $1 Qa5 $6 {Much better was} (22... Nxd3 23. Rxb6 Bxf3 24. gxf3 Nxe5
$132 {with uncear position in which white's inititive fully compensates him
for the lack of pawn.}) 23. Qe3 Qc3 24. Qxc3 Ne2+ 25. Kf1 Nxc3 26. Rb6 $16 {
[%csl Re8] Black king is destinied to remain in the center till the end of th
game.} Bd5 27. Rc1 f6 28. Bb2 $1 (28. Nd4 $6 Kf7 29. Rb7+ Kg6 $13) 28... Bc4+
29. Ke1 Nxa4 30. Rb4 Nxb2 31. Rxb2 {[%cal Gb2c2]} Kd7 $8 32. Rb7+ Kd8 (32...
Kc6 33. Rxg7 Kd5 34. exf6 $16) 33. Rxg7 Bd5 34. Rxc8+ Kxc8 35. exf6 Rf8 36. f7
Kd7 37. Ne5+ Kd6 38. f4 a5 39. Rxh7 $1 a4 40. g4 a3 41. Rh3 a2 42. Ra3 {
[%cal Gg4g7]} 1-0